Základy ovládania počítača
Uložené v:
| Hlavný autor: | |
|---|---|
| Médium: | Kniha |
| Jazyk: | Slovak |
| Vydavateľské údaje: |
Bratislava :
STU v Bratislave,
1999
|
| Vydanie: | 1. |
| Predmet: | |
| On-line prístup: | OBSAH |
| Tagy: |
Žiadne tagy, Buďte prvý, kto otaguje tento záznam!
|
MARC
| LEADER | 00000nam a22000003a 4500 | ||
|---|---|---|---|
| 001 | stu52279 | ||
| 005 | 20220404190137.4 | ||
| 008 | 000228s1999----xo------------------slo-d | ||
| 020 | |a 80-227-1205-1 | ||
| 040 | |a STU |b slo | ||
| 041 | 0 | |a slo | |
| 044 | |a xo | ||
| 080 | |a 681.3(075.8) | ||
| 100 | 1 | |a Schreiber, Peter, |d 1960- |4 aut |u M6000 |U MTF Materiálovotechnologická fakulta |T MTF Ústav aplikovanej informatiky, automatizácie a matematiky |X 247 |U M6000 |Y 86 |7 A000000247 | |
| 245 | 1 | |a Základy ovládania počítača | |
| 250 | |a 1. | ||
| 260 | |a Bratislava : |b STU v Bratislave, |c 1999 | ||
| 300 | |a 64 s | ||
| 650 | 7 | |a Počítače-základy |2 stusub | |
| 856 | 4 | |a https://sweb.mtf.stuba.sk/obsahy/Zaklady_ovladania_pocitaca_99 |u https://sweb.mtf.stuba.sk/obsahy/Zaklady_ovladania_pocitaca_99 |3 OBSAH | |
| 996 | |b 284M001299 |c M*S-968-59 |l MMKN |s A |a 24 |w stu52279_0002 | ||
| 996 | |b 284M001377 |c M*S-968-137 |l MMKN |s A |a 24 |w stu52279_0003 | ||
| 996 | |b 284M001385 |c M*S-968-145 |l MMKN |s A |a 24 |w stu52279_0004 | ||
| 996 | |b 284M001387 |c M*S-968-147 |l MMKN |s A |a 24 |w stu52279_0005 | ||
| 996 | |b 284M001388 |c M*S-968-148 |l MMKN |s A |a 24 |w stu52279_0006 | ||
| 996 | |b 284M001241 |c M*S-968-1 |l MMKN |s A |a 24 |w stu52279_0007 | ||
| 996 | |b 284M001386 |c M*S-968-146 |l MMKN |s A |a 24 |w stu52279_0008 | ||